LEADER 01096nam a2200241 i 4500 001 000000154753 003 CaOOAMICUS 005 20090306000000.0 008 090306s1966 it u000 u ita u 013 $a132101 040 $aSeMil$bita 100 1 $aGuariglia, Guglielmo <1909-1993>.$0(OLS)http://semarc/name/4392 245 12$aL'arte dell'Africa Nera e il suo messaggio :$bdopo il Festival di Dakar, 1-24 aprile 1966 /$cGuglielmo Guariglia. 260 $aParma :$bISME,$c1966. 300 $a142 p. :$briccamente ill. ;$c25 cm. 500 $aContiene : Bibliografia. - In mezzo al front. : Dedica autografa dell'Autore. - Fondo Card. Giovanni Colombo. 650 4$aArte - Africa.$0(OLS)http://semarc/subject/7773 850 $aSeMil 852 $aSeMil$W1$xVenegono$y1$m5R XI 67$j106609$B106609$CSeMilBibl$Z2$F140100 $81 941 1 $a3 961 $aLascito: Colombo Card. Giovanni 996 $6245$aL'arte dell'Africa Nera e il suo messaggio :$bdopo il Festival di Dakar, 1-24 aprile 1966$9(OLS)http://semarc/title/226539 996 $6260$aParma :$bISME$9(OLS)http://semarc/publisher/35811 LEADER 01574nam a2200325 i 4500 001 000000041024 003 CaOOAMICUS 005 20100408000000.0 008 100408s1994 it u000 u ita u 013 $a12194 020 $a88-7016-193-5 040 $aSeMil$bita 100 1 $aCharlesworth, James Hamilton <1940->.$0(OLS)http://semarc/name/257 240 10$aJesus within Judaism.$0(OLS)http://semarc/title/59195 245 10$aGesł nel giudaismo del suo tempo :$balla luce delle pił recenti scoperte /$cJames H. Charlesworth ; edizione italiana a cura di Domenico Tomasetto. 260 $aTorino :$bClaudiana,$c1994. 300 $a302 p., [8] p. di tav. :$bill. ;$c21 cm. 490 0 $aPiccola biblioteca teologica ;$v30 600 04$aGesł Cristo.$0(OLS)http://semarc/subject/712 650 4$aGesł Cristo - Gesł storico.$0(OLS)http://semarc/subject/742 650 4$aGesł Cristo - Ambiente.$0(OLS)http://semarc/subject/8663 650 4$aArcheologia biblica.$0(OLS)http://semarc/subject/4684 700 1 $aTomasetto, Domenico.$0(OLS)http://semarc/name/4090 830 0$aPiccola biblioteca teologica ;$v30.$0(OLS)http://semarc/title/5954 850 $aSeMil 852 $aSeMil$W1$xVenegono$y1$m2X III 335$j7179$B7179$CSeMilBibl$Z2$F7179 $81 961 $aAcquisto: Glossa (Libreria) 996 $6020$a88-7016-193-5$9(OLS)http://semarc/number/11564 996 $6245$aGesł nel giudaismo del suo tempo :$balla luce delle pił recenti scoperte$9(OLS)http://semarc/title/59194 996 $6260$aTorino :$bClaudiana$9(OLS)http://semarc/publisher/29837